El contrato en general : (Registro nro. 16095)

Detalles MARC
000 -Cabecera
Campo de control interno 00502nam a2200181Ia 4500
005 - Fecha y hora del registro
control field 20260306170244.0
008 - Elementos de Longitud Fija
fixed length control field 260306t2003||||xx |||||||||||||| ||und||
041 ## - Idioma
Codigo Idioma ESP
082 ## - DEWEY y NOTACIÓN INTERNA
Dewey 346.6
Notación Interna P91 2003 T. 2
100 ## - AUTOR
Autor denominación De la Puente y Lavalle, Manuel
Término de relación autor
245 #0 - TÍTULO DE MATERIAL BIBLIOGRÁFICO
Título El contrato en general :
Título paralelo comentarios a la seccion primera del libro VII del código civil
260 ## - CIUDAD, EDITORIAL, AÑO
Año 2003
300 ## - DESCRIPCIÓN
N° Páginas págs. :
Dimensiones 24 cm.
650 ## - TEMAS
Temas Generalidades
654 ## - PROGRAMAS
Programa Dpto. de Derecho y Ciencia Política
942 ## - ELEMENTOS DE KOHA
Tipo de documento Libro
Nombre del creador Justo Noguera
Código de catalogador Justo Noguera
Esquema de clasificación Dewey Decimal Classification
Suppress in OPAC
Existencias
Codigo completo Registro Colección Copia número Disponibilidad Tipo de préstamo Biblioteca Actual Procedencia (Biblioteca) Ubicacón Fecha Ingreso Tipo de Adquisición Date last seen Total checkouts Price effective from Tipo de Item Estado del Material Fuente de Clasificación Damaged status Withdrawn status
346.6 P91 2003 T. 2 U0017025 Universidad Católica San Pablo 1 Disponible Disponible Víctor Andrés Belaunde Víctor Andrés Belaunde Primer piso 03/06/2026 Compra 06/03/2026   06/03/2026 Libro Bueno Dewey Decimal Classification